00281nam a2200097Ia 4500008004100000082001200041100002200053245008500075260000900160300001400169190415s9999 xx 000 0 und d aRL.001; aLingajammanni, A. 0aEnquiry into the impact of foreign countries on the system of education in India c1970 a142, 20p.